Co oprócz pieniędzy można wydać? - Statystyki

Ogólne statystyki
  • Ten quiz został rozwiązany 13 razy
    5 od ostatniego zresetowania
  • Średni wynik to 1 z 6
Statystyki odpowiedzi
Odpowiedź % Poprawnych
Singiel
50%
Córkę za mąż
25%
Książkę
25%
Zaświadczenie
25%
Rozkaz
0%
Wyrok
0%
Nie znaleziono quizów pasujących do podanych kryteriów
Rozkład punktacji
Procent ludzi z każdym wynikiem
Percentyl według liczby udzielonych odpowiedzi
Twoja historia wyników
Nie rozwiązałeś tego quizu od ostatniego zresetowania